Perusahaan penuangan beracun.

Bibliographic Details
Format: Book
Published: Kuala Lumpur: Bank Pembangunan Malaysia Berhad, 1995.
Series:Siri PP No.4
Subjects:
LEADER 00479cam a2200169 7i4500
001 0000006398
005 19991025090000.0
002 ##000008085
020 0 0 |a 967-9909-39-5  
090 0 0 |a M 671.253   |b PER 
245 0 0 |a Perusahaan penuangan beracun. 
260 0 0 |a Kuala Lumpur:   |b Bank Pembangunan Malaysia Berhad,   |c 1995. 
300 0 0 |a 43p.. 
440 0 0 |a Siri PP No.4 
650 0 0 |a Die-casting --   |z Malaysia  
651 0 0 |a Malaysia  
999 |a 0000009455  |b Book  |c Open shelf  |e Business Information Centre